000
00256nam a22001217a 4500
008
180307b xxu||||| |||| 00| 0 eng d
041
_a
eng
080
_a
7
100
_a
44
101
_a
ART
245
_a
The art of suprise
_c
Perelman,R
942
_2
udc
_c
BK
999
_c
44308
_d
44308